书目信息 |
| 题名: |
刘伯承的非常之路
|
|
| 作者: | 刘备耕 著 | |
| 分册: | ||
| 出版信息: | 北京 人民出版社 2003.09 |
|
| 页数: | 186页 | |
| 开本: | 21cm | |
| 丛书名: | 元帅的非常之路 | |
| 单 册: | ||
| 中图分类: | K825.2 | |
| 科图分类: | ||
| 主题词: | 军事家--jun shi jia--生平事迹--中国--现代 | |
| 电子资源: | ||
| ISBN: | 978-7-01-003945-9 | |
| 000 | 01214nam 2200277 450 | |
| 001 | 012007101187 | |
| 005 | 20071204092905.01 | |
| 010 | @a978-7-01-003945-9@dCNY14.00 | |
| 100 | @a20071204d2003 km y0chi0120 ea | |
| 101 | 0 | @achi |
| 102 | @aCN@b110000 | |
| 105 | @ach z 000yb | |
| 106 | @ar | |
| 200 | 1 | @a刘伯承的非常之路@Aliu bo cheng de fei chang zhi lu@f刘备耕著@Fliu bei geng zhu |
| 210 | @a北京@c人民出版社@d2003.09 | |
| 215 | @a186页@c肖像, 摹真@d21cm | |
| 225 | 2 | @a元帅的非常之路@Ayuan shuai de fei chang zhi lu |
| 314 | @a刘备耕,男,祖籍福州。1938年5月入党,离休前任文化部机关党委副书记。出版主要著作有《抗日战争中的八路军一二九师》、《世纪伟人邓小平纪事》、《怀念李达上将》、《刘伯承回忆录》,并担任《刘邓大军史话》。 | |
| 330 | @a本书是刘伯承的生平事迹,阐述了他从旧军人到革命者、在中央革命根据地、长征中、领导刘邓大军、执教军校院长,以至担任国防委员会副主席直到去世,记录了这位不朽的大军事家的一生。 | |
| 410 | 0 | @12001 @a元帅的非常之路 |
| 600 | 0 | @a刘伯承,@Aliu bo cheng@f1892-1986@x生平事迹 |
| 606 | 0 | @a军事家@Ajun shi jia@x生平事迹@y中国@z现代 |
| 690 | @aK825.2@v4 | |
| 701 | 0 | @a刘备耕@Aliu bei geng@4著 |
| 801 | 0 | @aCN@bQSSK@c20071204 |
| 905 | @b269845-47@dK825.2@eL580@f3 | |
| 刘伯承的非常之路/刘备耕著.-北京:人民出版社,2003.09 |
| 186页:肖像, 摹真;21cm.-(元帅的非常之路) |
| ISBN 978-7-01-003945-9:CNY14.00 |
| 本书是刘伯承的生平事迹,阐述了他从旧军人到革命者、在中央革命根据地、长征中、领导刘邓大军、执教军校院长,以至担任国防委员会副主席直到去世,记录了这位不朽的大军事家的一生。 |
| ● |
| 相关链接 |
|
|
|
正题名:刘伯承的非常之路
索取号:K825.2/L580
 
预约/预借
| 序号 | 登录号 | 条形码 | 馆藏地/架位号 | 状态 | 备注 |
| 1 | 269845 | 202698456 | 社科库309/ [索取号:K825.2/L580] | 在馆 | |
| 2 | 269846 | 202698465 | 社科库309/309社科库 47排1列3层/ [索取号:K825.2/L580] | 在馆 | |
| 3 | 269847 | 202698474 | 社科库309/309社科库 47排1列3层/ [索取号:K825.2/L580] | 在馆 |